Movies Quiz

Random Movies or Quote Quiz

Before the Famous Line II Quiz Stats

 Plays Quiz Updated Aug 8, 2016

Support Sporcle.
Go Orange.
Score 0/20 Timer 08:00
2 Plays Today
% Correct
Oh no, it wasn't the airplanes. It was beauty killed the beast.
80.9%
Open the pod bay doors, HAL.
80.4%
Today, I consider myself the luckiest man on the face of the earth.
73.7%
Here's Johnny!
65.7%
I feel the need - the need for speed!
60.3%
Louis, I think this is the beginning of a beautiful friendship.
59.5%
Go ahead, make my day.
59.1%
Why don't you come up sometime and see me?
54.8%
If you build it, he will come.
52.5%
Soylent Green is people!
50.1%
% Correct
Say 'hello' to my little friend!
49.6%
I'm the king of the world!
48.8%
Snap out of it!
48.2%
I'll be back.
42.2%
Take your stinking paws off me, you damned dirty ape.
42.1%
Carpe diem. Seize the day, boys. Make your lives extraordinary.
38.5%
I'll get you, my pretty, and your little dog, too!
36.8%
Fasten your seatbelts. It's going to be a bumpy night.
27%
What we've got here is failure to communicate.
25.8%
Made it, Ma! Top of the world!
21.5%

You're not logged in!

Compare scores with friends on all Sporcle quizzes.
OR
Log In
Forgot?

From the Vault

Top Box-Office Stars of All-Time

by rockgolf

Movies 15m
These movies stars acted all the way to the bank.
Remove Ads.
Support Sporcle.
Get the best of Sporcle when you Go Orange. This ad-free experience offers more features, more stats, and more fun while also helping to support Sporcle. Thank you for becoming a member.

Show Comments

Extras

Top Quizzes Today


Score Distribution

Your Account Isn't Verified!

In order to create a playlist on Sporcle, you need to verify the email address you used during registration. Go to your Sporcle Settings to finish the process.

Report this User

Report this user for behavior that violates our Community Guidelines.

Details: